000 00618nam a2200181Ia 4500
008 151202s9999||||xx |||||||||||||| ||und||
082 _bPNVM-6434
100 _aजोशी/लेले.
245 _aवृत्तपत्रांचा इतिहास.
260 _bयुगवाणी प्रकाशन.
260 _c1951
300 _a562
600 _aजोशी/लेले.
630 _aवृत्तपत्रांचा इतिहास.
700 _aजोशी/लेले.
730 _aवृत्तपत्रांचा इतिहास.
942 _cBOOK
999 _c1272427
_d1272424